000 00530nam a2200181Ia 4500
003 GCL
008 140319s9999 xx 000 0 ara d
040 _aGCL /
_cGCL
082 0 4 _a340.53
_bا ش
100 1 _aاسامة سراس
245 1 0 _aشريعه حمورابى وأصل التشريع فى الشرق القديم /
_cاسامة سراس
300 _a186
490 _a100 قصة
_v0
650 0 4 _aالتشريع
650 0 4 _aالقانون القديم - تاريخ
650 0 4 _aحمورابى
942 _2ddc
_cBK
999 _c44124
_d44124